|
|
|
|
| LEADER |
01776nam a2200385 i 4500 |
| 001 |
35066 |
| 003 |
BD-DhAAL |
| 005 |
20211118133739.0 |
| 008 |
190807t2018 enka b 001 0 eng |
| 999 |
|
|
|c 40806
|d 40806
|
| 010 |
|
|
|a 2017011133
|
| 020 |
|
|
|a 9781472468451 (hardback)
|
| 020 |
|
|
|z 9781315567792 (ebook)
|
| 040 |
|
|
|a DLC
|b eng
|c DLC
|e rda
|d DLC
|d BD-DhAAL
|
| 042 |
|
|
|a pcc
|
| 050 |
0 |
0 |
|a NK2195.S89
|b L37 2018
|
| 082 |
0 |
0 |
|a 729
|2 23
|
| 245 |
1 |
0 |
|a Architectures of display :
|b department stores and modern retail /
|c edited by Anca I. Lasc, Patricia Lara-Betancourt and Margaret Maile Petty.
|
| 260 |
|
|
|a London ;
|a New York :
|b Routledge, Taylor & Francis Group,
|c 2018
|
| 300 |
|
|
|a xviii, 292 pages :
|b illustrations ;
|c 25 cm.
|
| 490 |
0 |
|
|a Routledge research in interior design
|
| 504 |
|
|
|a Includes bibliographical references and index.
|
| 505 |
0 |
|
|a Displaying modernity -- Technologies of display -- Contested identities/Contested displays.
|
| 526 |
|
|
|a ARC
|
| 541 |
|
|
|a Trim Education
|e 35066, 35067
|
| 650 |
|
0 |
|a Store decoration.
|9 33417
|
| 650 |
|
0 |
|a Display of merchandise.
|9 33418
|
| 650 |
|
0 |
|a Department stores.
|9 33419
|
| 650 |
|
0 |
|a Architecture
|9 42848
|
| 700 |
1 |
|
|a Lara-Betancourt, Patricia,
|e author.
|9 33420
|
| 700 |
1 |
|
|a Petty, Margaret Maile,
|e author.
|9 33421
|
| 852 |
|
|
|a Ayesha Abed Library
|c General Stacks
|
| 942 |
|
|
|2 ddc
|c BK
|
| 952 |
|
|
|0 0
|1 0
|2 ddc
|4 0
|6 729_000000000000000_ARC
|7 0
|9 65923
|a BRACUL
|b BRACUL
|c GEN
|d 2019-07-28
|e Trim Education
|g 8105.00
|l 0
|o 729 ARC
|p 3010035066
|r 2019-07-28
|t 1
|v 8105.00
|w 2019-07-28
|y BK
|
| 952 |
|
|
|0 0
|1 0
|2 ddc
|4 0
|6 729_000000000000000_ARC
|7 0
|9 65924
|a BRACUL
|b BRACUL
|c GEN
|d 2019-07-28
|e Trim Education
|g 8105.00
|l 0
|o 729 ARC
|p 3010035067
|r 2019-07-28
|t 2
|v 8105.00
|w 2019-07-28
|y BK
|x Transferred from ARC to BRACUL on 28/12/2023
|